| Tag |
First Indicator |
Second Indicator |
Subfields |
| LEADER |
00000pam a2200000 a 4500 |
| 001 |
in00000379986 |
| 005 |
20151011092429.0 |
| 008 |
820302s1982 ja a b 00110 eng |
| 010 |
|
|
|a 82002445
|
| 020 |
|
|
|a 0444996923 (U.S.) :
|c $100.00 (est.)
|
| 020 |
|
|
|a 4061394444 (Japan)
|
| 035 |
|
|
|a (OCoLC)08281579
|
| 035 |
|
|
|9 ABQ8554AM
|
| 040 |
|
|
|a DLC
|c DLC
|d TXA
|d UtOrBLW
|
| 049 |
|
|
|a TXAM
|c [1001863]
|
| 050 |
0 |
0 |
|a QD341.E7
|b H54 1982
|
| 082 |
0 |
|
|a 547/.035
|2 19
|
| 100 |
1 |
|
|a Hiraoka, Michio.
|
| 245 |
1 |
0 |
|a Crown compounds :
|b their characteristics and applications /
|c Michio Hiraoka.
|
| 264 |
|
1 |
|a Tokyo :
|b Kodansha ;
|a Amsterdam ;
|a New York :
|b Elsevier Scientific,
|c 1982.
|
| 300 |
|
|
|a xi, 275 pages :
|b illustrations ;
|c 26 cm.
|
| 336 |
|
|
|a text
|b txt
|2 rdacontent
|
| 337 |
|
|
|a unmediated
|b n
|2 rdamedia
|
| 338 |
|
|
|a volume
|b nc
|2 rdacarrier
|
| 490 |
1 |
|
|a Studies in organic chemistry ;
|v 12
|
| 504 |
|
|
|a Includes bibliographical references and index.
|
| 650 |
|
0 |
|a Ethers.
|
| 650 |
|
0 |
|a Cyclic compounds.
|
| 830 |
|
0 |
|a Studies in organic chemistry (Elsevier Scientific Publishing Company) ;
|v 12.
|
| 999 |
|
|
|a MARS
|
| 999 |
f |
f |
|s c776ec17-c828-34a6-81f3-9984c79e4ea7
|i 044fb2ef-5638-3a2e-9808-30c27953b349
|t 0
|
| 952 |
f |
f |
|p normal
|a Texas A&M University
|b College Station
|c Sterling C. Evans Library
|d Evans: Library Stacks
|t 0
|e QD341.E7 H54 1982
|h Library of Congress classification
|i unmediated -- volume
|m A14807554730
|
| 998 |
f |
f |
|a QD341.E7 H54 1982
|t 0
|l Evans: Library Stacks
|